000
00203 a2200097 4500
001
17826
100
_a
Lyle,
245
_a
Major faults on power systems
260
_a
_b
Chapman
_c
090
_c
13175
_d
13175
942
_a
NUST-CAE
_c
M
_c
3531
999
_c
252899
_d
252899